Регионална библиотека "Любен Каравелов" - Русе

Човек в морето (Запис номер 39990)

MARC детайли
000 -Лидер
Контролно поле с фиксирана дължина 01195nam a2200301 c 4500
003 - Код на организацията, давaща контролен номер
Контролно поле BLK
005 - Дата и час на последна редакция
Контролно поле 20210818103454.0
008 - Елементи от данни с фиксирана дължина
fixed length control field 180408b bul|||||r ||||||| ||bul||
010 ## - Наследен системен номер
LC control number KNG00043382000
040 ## - Източник на каталожния запис
Идентификатор на билиотеката - собственик на записа BLK
041 ## - Код за език
Код за езика на текст/звукозапис или на отделно заглавие Български
Код за езика КДБФ Български
080 ## - УДК
Текстов определител УДК Руска литература
УДК код - определител по УДК 821.161.1
УДК определител -32
УДК - код + определител 821.161.1-32
100 1# - Редна дума - Автор
Автор Станюкович, Константин Михайлович
Авторска отговорност първи автор
R(LIN) 276955
139 ## - Редно поле
Редна дума Станюкович, Константин Михайлович
Авторски знак Станч - С 70
245 10 - Сведения за заглавието
Заглавие Човек в морето
Редно поле (дума) Константин Михайлович Станюкович; прев. от рус. Георги Христов Томалевски.
257 ## - Страна на издаване
Страна на създаване/издаване Русия
260 ## - Област на издателските данни
Име на издателя, разпространителя и проч. Нар. просв.
Година на издаване 1950
Печатница София : Т. Димитров
300 ## - Физическа характеристика
Страници 28 с.
Илюстрации и др. с ил.
Размери/Мащаб 24 см
380 ## - Жанр
Жанр Детска худож. лит.
490 ## - СЕРИИ (Колекции)
Име на серия Книги за юноши
9 (RLIN) 207313
500 ## - Общи забележки
Забележка 5 000 тир.
700 1# - Други автори (авторска отговорност)
Лично име Томалевски, Георги Христов
Автороска отговорност (Описва отношението между автора и произведението) прев. от рус.
9 (RLIN) 367557
852 ## - Местоположение
Форматна сигнатура Цб 8.230.35649
856 4# - Електронен адрес и достъп
Електронен формат pdf - файл
856 4# - Електронен адрес и достъп
Електронен формат pdf - файл
999 ## - СИСТЕМНИ КОНТРОЛНИ НОМЕРА
Koha biblionumber 39990
Koha biblioitemnumber 39990
942 ## - АРТИКУЛИ
Вид на библиотечния материал Книги
Скрит в OPAC Не
Периодичен библиозапис Да
944 ## - СЪЗДАВАНЕ И РЕДАКЦИЯ на ЗАПИСА
Създаване/Редакция Създаване
Дата на регистрацията/редакция 08.05.2014
Статус, дата на статуса ф /
Служител, извършил регистрацията/редакцията Симона_Петрова
944 ## - СЪЗДАВАНЕ И РЕДАКЦИЯ на ЗАПИСА
Създаване/Редакция Редакция
Дата на регистрацията/редакция 08.05.2014
Статус, дата на статуса ф /
999 ## - СИСТЕМНИ КОНТРОЛНИ НОМЕРА
Koha biblioitemnumber 39990
Наличности
Код за отписване Код за изгубен артикул Източник на класификационната схема Код за повреда Коз за рестрикции Код за отдаване Артикулен № Име на библиотеката - собственик Име на библиотеката, в която се намира в момента Статус (Текущо местоположение) Дата на вписване в системата Местоположение - отдел Цена в лева Инвентарен номер Систематично азбучна сигнатура Баркод Номер на екземпляра Цена в евро Служебна бележка Служебен тип на артикула
  Не е изгубен Universal Decimal Classification Не е повреден само за читалня ползва се в читалня 62559 Регионална библиотека "Любен Каравелов" Русе Регионална библиотека "Любен Каравелов" Русе Хранилище 1950-01-01 Основен фонд - ползва се само за читалня 0.05 35649-б Цб 8.230.35649 900000075108 1 0.03 N: стар фонд Дата: 01.01.1950 Книги
Изтеглен Не е изгубен Universal Decimal Classification Не е повреден без рестрикции заемане за дома 62560 Регионална библиотека "Любен Каравелов" Русе Регионална библиотека "Любен Каравелов" Русе Детски отдел 1950-01-01 Детски отдел 0.30 35649 ДХ 820/899/С 70 35649 2 0.15 N: стар фонд Дата: 01.01.1950 Дата инв: 29.09.2015 Бележки инв: Д2015 Книги
Vip Innovations Ltd, Rousse, Bulgaria 2025